<?xml version="1.0" encoding="UTF-8"?><marc:collection xmlns:marc="http://www.loc.gov/MARC21/slim">
  <marc:record>
    <marc:leader>04192nas a2200769 c 4500</marc:leader>
    <marc:controlfield tag="001">010038094</marc:controlfield>
    <marc:controlfield tag="003">DE-101</marc:controlfield>
    <marc:controlfield tag="005">20221031133535.0</marc:controlfield>
    <marc:controlfield tag="007">tu</marc:controlfield>
    <marc:controlfield tag="007">he uuu000uuau</marc:controlfield>
    <marc:controlfield tag="008">991118c19129999gw a||p   s|| 0||||1ger c</marc:controlfield>
    <marc:datafield tag="016" ind1="7" ind2=" ">
      <marc:subfield code="2">DE-600</marc:subfield>
      <marc:subfield code="a">2654-2</marc:subfield>
    </marc:datafield>
    <marc:datafield tag="016" ind1="7" ind2=" ">
      <marc:subfield code="2">DE-101</marc:subfield>
      <marc:subfield code="a">010038094</marc:subfield>
    </marc:datafield>
    <marc:datafield tag="022" ind1=" " ind2=" ">
      <marc:subfield code="a">0178-160X</marc:subfield>
    </marc:datafield>
    <marc:datafield tag="022" ind1=" " ind2=" ">
      <marc:subfield code="a">2192-9734</marc:subfield>
    </marc:datafield>
    <marc:datafield tag="022" ind1=" " ind2=" ">
      <marc:subfield code="a">0178-160X</marc:subfield>
      <marc:subfield code="2">6</marc:subfield>
    </marc:datafield>
    <marc:datafield tag="022" ind1=" " ind2=" ">
      <marc:subfield code="a">2192-9734</marc:subfield>
      <marc:subfield code="2">6</marc:subfield>
    </marc:datafield>
    <marc:datafield tag="035" ind1=" " ind2=" ">
      <marc:subfield code="a">(DE-599)ZDB2654-2</marc:subfield>
    </marc:datafield>
    <marc:datafield tag="035" ind1=" " ind2=" ">
      <marc:subfield code="a">(OCoLC)1367302070</marc:subfield>
    </marc:datafield>
    <marc:datafield tag="040" ind1=" " ind2=" ">
      <marc:subfield code="a">9001</marc:subfield>
      <marc:subfield code="b">ger</marc:subfield>
      <marc:subfield code="c">DE-101</marc:subfield>
      <marc:subfield code="d">9001</marc:subfield>
    </marc:datafield>
    <marc:datafield tag="041" ind1=" " ind2=" ">
      <marc:subfield code="a">ger</marc:subfield>
    </marc:datafield>
    <marc:datafield tag="042" ind1=" " ind2=" ">
      <marc:subfield code="a">zdb</marc:subfield>
    </marc:datafield>
    <marc:datafield tag="044" ind1=" " ind2=" ">
      <marc:subfield code="c">XA-DE</marc:subfield>
    </marc:datafield>
    <marc:datafield tag="082" ind1="7" ind2="4">
      <marc:subfield code="a">310</marc:subfield>
      <marc:subfield code="q">DE-101</marc:subfield>
      <marc:subfield code="2">22sdnb</marc:subfield>
    </marc:datafield>
    <marc:datafield tag="083" ind1="7" ind2=" ">
      <marc:subfield code="a">310</marc:subfield>
      <marc:subfield code="q">DE-600</marc:subfield>
      <marc:subfield code="2">22sdnb</marc:subfield>
    </marc:datafield>
    <marc:datafield tag="084" ind1=" " ind2=" ">
      <marc:subfield code="a">Köln</marc:subfield>
      <marc:subfield code="0">https://nwbib.de/spatial#Q365</marc:subfield>
      <marc:subfield code="2">nwbib</marc:subfield>
    </marc:datafield>
    <marc:datafield tag="084" ind1=" " ind2=" ">
      <marc:subfield code="a">Landesbeschreibungen</marc:subfield>
      <marc:subfield code="0">https://nwbib.de/subjects#N102000</marc:subfield>
      <marc:subfield code="2">nwbib</marc:subfield>
    </marc:datafield>
    <marc:datafield tag="090" ind1=" " ind2=" ">
      <marc:subfield code="n">sm</marc:subfield>
    </marc:datafield>
    <marc:datafield tag="110" ind1="1" ind2=" ">
      <marc:subfield code="0">(DE-588)4031483-2</marc:subfield>
      <marc:subfield code="0">https://d-nb.info/gnd/4031483-2</marc:subfield>
      <marc:subfield code="0">(DE-101)040314839</marc:subfield>
      <marc:subfield code="a">Köln</marc:subfield>
      <marc:subfield code="e">Verfasser</marc:subfield>
      <marc:subfield code="4">aut</marc:subfield>
      <marc:subfield code="2">gnd</marc:subfield>
    </marc:datafield>
    <marc:datafield tag="222" ind1=" " ind2="0">
      <marc:subfield code="a">Statistisches Jahrbuch der Stadt Köln</marc:subfield>
    </marc:datafield>
    <marc:datafield tag="222" ind1=" " ind2="0">
      <marc:subfield code="a">Statistisches Jahrbuch Köln</marc:subfield>
    </marc:datafield>
    <marc:datafield tag="245" ind1="1" ind2="0">
      <marc:subfield code="a">Statistisches Jahrbuch Köln ...</marc:subfield>
      <marc:subfield code="c">Stadt Köln, Der Oberbürgermeister, Amt für Stadtentwicklung und Statistik, Amt für Presse- und Öffentlichkeitsarbeit</marc:subfield>
    </marc:datafield>
    <marc:datafield tag="247" ind1="0" ind2="0">
      <marc:subfield code="a">Statistisches Jahrbuch der Stadt Cöln</marc:subfield>
      <marc:subfield code="f">Hauptsacht. anfangs</marc:subfield>
    </marc:datafield>
    <marc:datafield tag="247" ind1="0" ind2="0">
      <marc:subfield code="a">Statistisches Jahrbuch der Hansestadt Köln</marc:subfield>
      <marc:subfield code="f">Hauptsacht. 26.1936 - 28.1938</marc:subfield>
    </marc:datafield>
    <marc:datafield tag="247" ind1="0" ind2="0">
      <marc:subfield code="a">Statistisches Jahrbuch der Stadt Köln</marc:subfield>
      <marc:subfield code="f">Hauptsacht. 29.1939 - 82.1998</marc:subfield>
    </marc:datafield>
    <marc:datafield tag="247" ind1="0" ind2="0">
      <marc:subfield code="a">Statistisches Jahrbuch</marc:subfield>
      <marc:subfield code="f">Nebent. teils</marc:subfield>
    </marc:datafield>
    <marc:datafield tag="264" ind1="3" ind2="1">
      <marc:subfield code="a">Köln</marc:subfield>
      <marc:subfield code="b">Amt für Stadtentwicklung und Statistik</marc:subfield>
      <marc:subfield code="c">1912-</marc:subfield>
    </marc:datafield>
    <marc:datafield tag="264" ind1="2" ind2="1">
      <marc:subfield code="3">-1998</marc:subfield>
      <marc:subfield code="a">Köln</marc:subfield>
      <marc:subfield code="b">Lang</marc:subfield>
    </marc:datafield>
    <marc:datafield tag="300" ind1=" " ind2=" ">
      <marc:subfield code="c">30 cm</marc:subfield>
    </marc:datafield>
    <marc:datafield tag="336" ind1=" " ind2=" ">
      <marc:subfield code="a">Text</marc:subfield>
      <marc:subfield code="b">txt</marc:subfield>
      <marc:subfield code="2">rdacontent</marc:subfield>
    </marc:datafield>
    <marc:datafield tag="337" ind1=" " ind2=" ">
      <marc:subfield code="a">ohne Hilfsmittel zu benutzen</marc:subfield>
      <marc:subfield code="b">n</marc:subfield>
      <marc:subfield code="2">rdamedia</marc:subfield>
    </marc:datafield>
    <marc:datafield tag="337" ind1=" " ind2=" ">
      <marc:subfield code="a">Mikroform</marc:subfield>
      <marc:subfield code="b">h</marc:subfield>
      <marc:subfield code="2">rdamedia</marc:subfield>
    </marc:datafield>
    <marc:datafield tag="338" ind1=" " ind2=" ">
      <marc:subfield code="a">Band</marc:subfield>
      <marc:subfield code="b">nc</marc:subfield>
      <marc:subfield code="2">rdacarrier</marc:subfield>
    </marc:datafield>
    <marc:datafield tag="338" ind1=" " ind2=" ">
      <marc:subfield code="a">Mikrofiche</marc:subfield>
      <marc:subfield code="b">he</marc:subfield>
      <marc:subfield code="2">rdacarrier</marc:subfield>
    </marc:datafield>
    <marc:datafield tag="362" ind1="0" ind2=" ">
      <marc:subfield code="a">1.1911(1912) - 31.1941(1943); 32.1946 - 77.1991(1992); 78.1992/93(1994) - 82.1998(1999); 83.2004(2005) - 86.2007; 88.2010 -</marc:subfield>
    </marc:datafield>
    <marc:datafield tag="363" ind1="0" ind2="1">
      <marc:subfield code="8">1.1\x</marc:subfield>
      <marc:subfield code="i">1911</marc:subfield>
    </marc:datafield>
    <marc:datafield tag="365" ind1=" " ind2=" ">
      <marc:subfield code="b">kart.</marc:subfield>
    </marc:datafield>
    <marc:datafield tag="515" ind1=" " ind2=" ">
      <marc:subfield code="a">Ersch. jährl.; 87.2008/09 u. 90.2012 - 91.2013 nur als Online-Ausg. ersch.</marc:subfield>
    </marc:datafield>
    <marc:datafield tag="530" ind1=" " ind2=" ">
      <marc:subfield code="a">Mikrofiche-Ausg.: Berlin : Staatsbibliothek zu Berlin. - Mikrofiche-Ausg.: Köln : Universitäts- und Stadtbibliothek Köln</marc:subfield>
    </marc:datafield>
    <marc:datafield tag="533" ind1=" " ind2=" ">
      <marc:subfield code="a">Mikrofiche-Ausg.</marc:subfield>
      <marc:subfield code="b">Köln</marc:subfield>
      <marc:subfield code="c">Universitäts- und Stadtbibliothek Köln</marc:subfield>
      <marc:subfield code="b">Berlin</marc:subfield>
      <marc:subfield code="c">Staatsbibliothek zu Berlin</marc:subfield>
    </marc:datafield>
    <marc:datafield tag="550" ind1=" " ind2=" ">
      <marc:subfield code="a">Beteil. Körp. bis 82.1998: der Oberstadtdirektor, Statistisches Amt und Einwohnerwesen</marc:subfield>
    </marc:datafield>
    <marc:datafield tag="583" ind1="1" ind2=" ">
      <marc:subfield code="a">Archivierung/Langzeitarchivierung gewährleistet</marc:subfield>
      <marc:subfield code="c">2020</marc:subfield>
      <marc:subfield code="f">PENW</marc:subfield>
      <marc:subfield code="5">DE-5</marc:subfield>
      <marc:subfield code="2">pdager</marc:subfield>
    </marc:datafield>
    <marc:datafield tag="591" ind1=" " ind2=" ">
      <marc:subfield code="a">IIIG!(20-01-04)5!+Uml.;läuft weiter(07-02-06)</marc:subfield>
    </marc:datafield>
    <marc:datafield tag="651" ind1=" " ind2="7">
      <marc:subfield code="0">(DE-588)4031483-2</marc:subfield>
      <marc:subfield code="0">https://d-nb.info/gnd/4031483-2</marc:subfield>
      <marc:subfield code="0">(DE-101)040314839</marc:subfield>
      <marc:subfield code="a">Köln</marc:subfield>
      <marc:subfield code="9">rswk-swf</marc:subfield>
      <marc:subfield code="2">gnd</marc:subfield>
    </marc:datafield>
    <marc:datafield tag="655" ind1=" " ind2="7">
      <marc:subfield code="0">(DE-588)4067488-5</marc:subfield>
      <marc:subfield code="0">https://d-nb.info/gnd/4067488-5</marc:subfield>
      <marc:subfield code="0">(DE-101)040674886</marc:subfield>
      <marc:subfield code="a">Zeitschrift</marc:subfield>
      <marc:subfield code="2">gnd-content</marc:subfield>
    </marc:datafield>
    <marc:datafield tag="655" ind1=" " ind2="7">
      <marc:subfield code="0">(DE-588)4056995-0</marc:subfield>
      <marc:subfield code="0">https://d-nb.info/gnd/4056995-0</marc:subfield>
      <marc:subfield code="0">(DE-101)040569950</marc:subfield>
      <marc:subfield code="a">Statistik</marc:subfield>
      <marc:subfield code="2">gnd-content</marc:subfield>
    </marc:datafield>
    <marc:datafield tag="689" ind1="0" ind2="0">
      <marc:subfield code="0">(DE-588)4031483-2</marc:subfield>
      <marc:subfield code="0">https://d-nb.info/gnd/4031483-2</marc:subfield>
      <marc:subfield code="0">(DE-101)040314839</marc:subfield>
      <marc:subfield code="D">g</marc:subfield>
      <marc:subfield code="a">Köln</marc:subfield>
    </marc:datafield>
    <marc:datafield tag="689" ind1="0" ind2=" ">
      <marc:subfield code="5">DE-600</marc:subfield>
      <marc:subfield code="5">DE-600</marc:subfield>
    </marc:datafield>
    <marc:datafield tag="710" ind1="1" ind2=" ">
      <marc:subfield code="0">(DE-588)10014279-5</marc:subfield>
      <marc:subfield code="0">https://d-nb.info/gnd/10014279-5</marc:subfield>
      <marc:subfield code="0">(DE-101)960693491</marc:subfield>
      <marc:subfield code="a">Köln</marc:subfield>
      <marc:subfield code="b">Amt für Stadtentwicklung und Statistik</marc:subfield>
      <marc:subfield code="e">Herausgebendes Organ</marc:subfield>
      <marc:subfield code="4">isb</marc:subfield>
      <marc:subfield code="2">gnd</marc:subfield>
    </marc:datafield>
    <marc:datafield tag="710" ind1="1" ind2=" ">
      <marc:subfield code="0">(DE-588)2028688-0</marc:subfield>
      <marc:subfield code="0">https://d-nb.info/gnd/2028688-0</marc:subfield>
      <marc:subfield code="0">(DE-101)004853091</marc:subfield>
      <marc:subfield code="a">Köln</marc:subfield>
      <marc:subfield code="b">Statistisches Amt</marc:subfield>
      <marc:subfield code="e">Herausgebendes Organ</marc:subfield>
      <marc:subfield code="4">isb</marc:subfield>
      <marc:subfield code="2">gnd</marc:subfield>
    </marc:datafield>
    <marc:datafield tag="776" ind1="0" ind2="8">
      <marc:subfield code="i">Erscheint auch als</marc:subfield>
      <marc:subfield code="n">Online-Ausgabe, 87.2008/09 u. 90.2012 u. </marc:subfield>
      <marc:subfield code="a">Köln</marc:subfield>
      <marc:subfield code="t">Statistisches Jahrbuch Köln ...</marc:subfield>
      <marc:subfield code="d">Köln : Amt für Stadtentwicklung und Statistik, 2005-</marc:subfield>
      <marc:subfield code="h">Online-Ressource</marc:subfield>
      <marc:subfield code="w">(DE-600)2482399-5</marc:subfield>
      <marc:subfield code="w">(DE-101)992932262</marc:subfield>
    </marc:datafield>
    <marc:datafield tag="776" ind1="0" ind2="8">
      <marc:subfield code="i">Elektronische Reproduktion</marc:subfield>
      <marc:subfield code="a">Köln</marc:subfield>
      <marc:subfield code="t">Statistisches Jahrbuch der Stadt Köln ...</marc:subfield>
      <marc:subfield code="d">Köln : [Verlag nicht ermittelbar], 1912-1999</marc:subfield>
      <marc:subfield code="h">Online-Ressource</marc:subfield>
      <marc:subfield code="w">(DE-600)2503809-6</marc:subfield>
      <marc:subfield code="w">(DE-101)995166331</marc:subfield>
    </marc:datafield>
    <marc:datafield tag="787" ind1="0" ind2="8">
      <marc:subfield code="i">83=2005,5; 84=2006,3; 85=2007,5; 86=2008,1; 88=2010,5; 89=2011,2; 92=2015,1 von</marc:subfield>
      <marc:subfield code="a">Köln</marc:subfield>
      <marc:subfield code="t">Kölner statistische Nachrichten</marc:subfield>
      <marc:subfield code="d">Köln : Stadt Köln, Der Oberstadtdirektor, Amt für Stadtentwicklung und Statistik, 1984-</marc:subfield>
      <marc:subfield code="x">0933-6338</marc:subfield>
      <marc:subfield code="w">(DE-600)236942-4</marc:subfield>
      <marc:subfield code="w">(DE-101)011419849</marc:subfield>
    </marc:datafield>
    <marc:datafield tag="850" ind1=" " ind2=" ">
      <marc:subfield code="a">DE-101a</marc:subfield>
      <marc:subfield code="a">DE-101b</marc:subfield>
    </marc:datafield>
    <marc:datafield tag="889" ind1=" " ind2=" ">
      <marc:subfield code="w">(DE-101)550183892</marc:subfield>
    </marc:datafield>
    <marc:datafield tag="889" ind1=" " ind2=" ">
      <marc:subfield code="w">(DE-600)2213518-2</marc:subfield>
    </marc:datafield>
    <marc:datafield tag="925" ind1="r" ind2=" ">
      <marc:subfield code="a">rb</marc:subfield>
    </marc:datafield>
  </marc:record>
</marc:collection>
